|
|
|
|
| LEADER |
01874nam a2200469 i 4500 |
| 001 |
36602 |
| 003 |
BD-DhAAL |
| 005 |
20211125162702.0 |
| 008 |
191119t2016 enk b 001 0 eng |
| 999 |
|
|
|c 41696
|d 41696
|
| 010 |
|
|
|a 2015958964
|
| 020 |
|
|
|a 9780198734789 (paperback)
|
| 020 |
|
|
|a 0198734786 (paperback)
|
| 035 |
|
|
|a (OCoLC)953927420
|
| 035 |
|
|
|a 9628683
|
| 040 |
|
|
|a DLC
|b eng
|e rda
|c DLC
|d YDX
|d NIC
|d BD-DhAAL
|
| 042 |
|
|
|a pcc
|
| 043 |
|
|
|a e-uk-en
|a e-uk-wl
|
| 050 |
0 |
0 |
|a KD1554
|b .A95 2016
|
| 082 |
0 |
4 |
|a 346.4202
|2 23
|
| 100 |
1 |
|
|a Beatson, J.
|9 37312
|
| 240 |
1 |
0 |
|a Law of contract
|
| 245 |
1 |
0 |
|a Anson's law of contract /
|c Jack Beatson, Andrew Burrows and John Cartwright
|
| 246 |
3 |
0 |
|a Law of contract
|
| 250 |
|
|
|a Thirty edition
|
| 260 |
|
|
|a Oxford, United Kingdom :
|b Oxford University Press,
|c 2016
|
| 300 |
|
|
|a xcvii, 763 pages ;
|c 24 cm.
|
| 500 |
|
|
|a "Table of statutes": pages xxiii-xxxi.
|
| 500 |
|
|
|a "Table of cases": pages xxxvi-xcii.
|
| 504 |
|
|
|a Includes bibliographical references and index.
|
| 526 |
|
|
|a ENH
|
| 541 |
|
|
|a Trim education
|e 36602, 36603
|
| 650 |
|
0 |
|a Contracts
|z Great Britain.
|9 37313
|
| 650 |
|
0 |
|a Agency (Law)
|z Great Britain.
|9 37314
|
| 650 |
|
0 |
|a Law.
|9 43211
|
| 700 |
1 |
|
|a Burrows, Andrew S.,
|9 37315
|
| 700 |
1 |
|
|a Cartwright, John,
|d 1957-
|9 37316
|
| 700 |
1 |
|
|a Anson, William Reynell,
|d 1843-1914.
|t Law of contract.
|9 37317
|
| 852 |
|
|
|a Ayesha Abed Library
|c General Stacks
|
| 942 |
|
|
|2 ddc
|c BK
|
| 952 |
|
|
|0 0
|1 0
|2 ddc
|4 0
|6 346_420200000000000_BEA
|7 0
|9 67070
|a BRACUL
|b BRACUL
|c GEN
|d 2019-11-06
|e Trim Education
|g 4630.00
|l 1
|m 30
|o 346.4202 BEA
|p 3010036602
|r 2025-08-27
|s 2023-02-28
|t 1
|v 4630.00
|w 2019-11-06
|y BK
|
| 952 |
|
|
|0 0
|1 0
|2 ddc
|4 0
|6 346_420200000000000_BEA
|7 0
|9 67071
|a BRACUL
|b BRACUL
|c GEN
|d 2019-11-06
|e Trim Education
|g 4630.00
|l 5
|m 6
|o 346.4202 BEA
|p 3010036603
|r 2026-02-22
|s 2026-02-17
|t 2
|v 4630.00
|w 2019-11-06
|y BK
|